Ligue 1 2025/26 - loga klubów - Statystyki

Ogólne statystyki
  • Ten quiz został rozwiązany 38 razy
  • Średni wynik to 17 z 18
Statystyki odpowiedzi
Obrazkowy Odpowiedź % Poprawnych
AS Monaco
100%
Olympique Lyon
100%
Olympique Marsylia
100%
Paris Saint-Germain
100%
Lille OSC
97%
RC Lens
97%
Stade Rennais
97%
Strasbourg
97%
FC Metz
94%
FC Nantes
94%
OGC Nice
94%
Paris FC
94%
Stade Brestois 29
92%
Angers SCO
86%
FC Lorient
86%
Toulouse FC
86%
AJ Auxerre
83%
Le Havre AC
75%
Nie znaleziono quizów pasujących do podanych kryteriów
Rozkład punktacji
Procent ludzi z każdym wynikiem
Percentyl według liczby udzielonych odpowiedzi
Twoja historia wyników
Nie rozwiązałeś tego quizu